000 00752nam a2200217Ii 4500
003 JO-AjNU
008 230605s9999||||xx |||||||||||||| ||und||
017 _a96/1857
020 _a977-215-181-2
040 _aJO-AjNU
_bara
_erda
_cJO-AjNU
041 _aara
050 1 4 _aZ670.D444 1996
100 3 _aقاسم ، حشمت/م. مشارك: احمد تمراز ، هاشم سيد ,
_eauthor
_935769
245 0 0 _aدراسات عربية في المكتبات وعلم المعلومات
264 3 1 _aالقاهرة :دار غريب ،1996
300 _a240ص
336 _atext
_btxt
_2rdacontent
337 _aunmediated
_bn
_2rdamedia
338 _avolume
_bnc
_2rdacarrier
650 4 _aعلم المكتبات- -علم المعلومات
_935770
999 _aA14799
_c18367
_d18367